| 000 | 00922nam a22002652 4500 | ||
|---|---|---|---|
| 001 | 0000002422 | ||
| 005 | 20151217145729.0 | ||
| 008 | 070410s xx 000 0 eng d | ||
| 020 | _a0618102302 : | ||
| 040 |
_aKABU _cKABU |
||
| 050 | 0 |
_aHF5657.4 _b.N44 2002 |
|
| 100 | 1 |
_aNeedles, Belverd E. _@0000151783 |
|
| 245 | 1 | 0 |
_aManagerial accounting / _cBelverd E. Needles, Susan V. Crosson. |
| 250 | _a2002 ed. | ||
| 260 |
_aBoston : _bHoughton Mifflin, _cc2002. |
||
| 300 |
_axxxii, 621 p. : _bcol. ill. ; _c29 cm. |
||
| 500 | _aRev. ed. of: Managerial accounting / Belverd E. Needles, Jr. ... [et al.]. 5th ed. c1999. | ||
| 504 | _aIncludes bibliographical references and indexes. | ||
| 650 | 0 |
_aAccounting. _@0000148321 |
|
| 650 | 0 |
_aManagerial accounting. _@0000151472 |
|
| 700 | 1 |
_aCrosson, Susan V. _@0000151784 |
|
| 908 | _a070410 | ||
| 950 | _@1 | ||
| 999 |
_c1991 _d1991 |
||